| 000 | 00384nam a22001217a 4500 | ||
|---|---|---|---|
| 082 | _a200 THE | ||
| 100 |
_aUrfa Rasool _972613 |
||
| 245 | _aTH-SOF-0943-NEURAL NETWORK BASED CONTROL SOLUTION OF AIR TO FUEL RATIO FOR 2NZFE FUEL INJECTION ENGINE | ||
| 260 |
_aNUST COLLEGE OF EME _bISLAMABAD _c2001 |
||
| 650 | _aMS-MECH-68 MSTHESIS | ||
| 700 |
_aDr. Imran Akhtar _911136 |
||
| 942 | _cCF | ||
| 999 |
_c578607 _d578607 |
||